Business Law: With UCC Applications (Record no. 5787)

MARC details
005 - DATE AND TIME OF LATEST TRANSACTION
control field 20250628045632.0
020 ## - INTERNATIONAL STANDARD BOOK NUMBER
International Standard Book Number 978-=-07-296057-0
082 ## - DEWEY DECIMAL CLASSIFICATION NUMBER
Classification number 346.73 BRO
100 ## - MAIN ENTRY--PERSONAL NAME
Author name BROWN, W. G
245 ## - TITLE STATEMENT
Title Business Law: With UCC Applications
250 ## - EDITION STATEMENT
Edition statement 11th Ed.
260 ## - PUBLICATION, DISTRIBUTION, ETC.
Place of publication, distribution, etc. Boston
Name of publisher, distributor, etc. McGraw-Hill Irwin
Date of publication, distribution, etc. 2006.
300 ## - PHYSICAL DESCRIPTION
Extent ix,970p.: ill.; figures
Other physical details Index, Glossary
Dimensions 25cm
700 ## - ADDED ENTRY--PERSONAL NAME
Other authors/Editors Paul A. Sukys
942 ## - ADDED ENTRY ELEMENTS (KOHA)
Source of classification or shelving scheme Dewey Decimal Classification
Koha item type Books
Holdings
Date last seen Total checkouts Full call number Barcode Price effective from Koha item type Lost status Source of classification or shelving scheme Damaged status Not for loan Withdrawn status Home library Current library Shelving location Date acquired Source of acquisition
06/28/2025   346.7 BRO MZA0002562 06/28/2025 Books   Dewey Decimal Classification       CBE Mwanza CBE Mwanza General Collection 06/17/2017 Library Budget